00596 2200229 4500001002100000005001500021035002000036245005700056100001900113250000600132300003700138700001700175260004600192082000800238084001400246020001800260650002000278990001700298990001700315990001700332990001700349INLIS00000000000100320190403021343 a0010-04190000121 aJagoan Cilik /cTerbit Chairil; Editor, Sakti Wibowo0 aTerbit Chairil a- aviii, 88 hlm. :bilus. ;c21 cm.0 aSakti Wibowo aSolo :bPT Era Adicitra Intermedia,c2008 a813 a813 TER j a979-3414-14-6 aFiksi Indonesia a03681/P/2018 a03682/P/2018 a03683/P/2018 a03684/P/2018